Strategic Management (Record no. 396980)

MARC details
000 -LEADER
fixed length control field 00312 a2200133 4500
000 - LEADER
fixed length control field nam a22 7a 4500
100 ## - MAIN ENTRY--PERSONAL NAME
Personal name Kazmi, Azhar
110 ## - MAIN ENTRY--CORPORATE NAME
Corporate name or jurisdiction name as entry element Kazmi, Azhar
245 ## - TITLE STATEMENT
Title Strategic Management
250 ## - EDITION STATEMENT
Edition statement 5th/Latest edition
260 ## - PUBLICATION, DISTRIBUTION, ETC.
Name of publisher, distributor, etc. McGraw Hill
Date of publication, distribution, etc. 2021
264 ## - PRODUCTION, PUBLICATION, DISTRIBUTION, MANUFACTURE, AND COPYRIGHT NOTICE
Name of producer, publisher, distributor, manufacturer McGraw Hill
Date of production, publication, distribution, manufacture, or copyright notice 2021
942 ## - ADDED ENTRY ELEMENTS (KOHA)
Koha item type Books
Holdings
Date last seen Total checkouts Barcode Cost, replacement price Price effective from Koha item type Lost status Source of classification or shelving scheme Damaged status Not for loan Withdrawn status Home library Current library Date acquired Source of acquisition Cost, normal purchase price
30/03/2026   420992 970.00 30/03/2026 Books   Dewey Decimal Classification       VIVEKANANDA LIBRARY VIVEKANANDA LIBRARY 30/03/2026 53 727.50
30/03/2026   420991 970.00 30/03/2026 Books   Dewey Decimal Classification       VIVEKANANDA LIBRARY VIVEKANANDA LIBRARY 30/03/2026 53 727.50
30/03/2026   420990 970.00 30/03/2026 Books   Dewey Decimal Classification       VIVEKANANDA LIBRARY VIVEKANANDA LIBRARY 30/03/2026 53 727.50
30/03/2026   420988 970.00 30/03/2026 Books   Dewey Decimal Classification       VIVEKANANDA LIBRARY VIVEKANANDA LIBRARY 30/03/2026 53 727.50
30/03/2026   420989 970.00 30/03/2026 Books   Dewey Decimal Classification       VIVEKANANDA LIBRARY VIVEKANANDA LIBRARY 30/03/2026 53 727.50
© Designed and Maintained by Vivekananda Library, MDU Rohtak